000 00676nam a2200241Ia 4500
003 OSt
005 20220924121047.0
006 a|||||r|||| 00| 0
007 ta
008 220923b |||||||| |||| 00| 0 ben d
024 _a292915
037 _cTextual
040 _aARTS
_cARTS
_bben
041 _2ben
_aben
082 _aO157,1M582w, N3
100 _aKauser Fatema
_9184134
245 0 _aJibani granthmala
_b Series of library biographies
260 _aDhaka
_bBangala Academy Bangladesh
_c1993
300 _a115p.
_ccm.
650 _aBENGALI LITERATURE
942 _hO157,1M582w, N3
_cTEXL
_2CC
999 _c405650
_d405650